000 00378nam a2200157Ia 4500
008 230711s9999||||xx |||||||||||||| ||und||
041 _aENG
082 _a720
_bLI-H
100 _aLight,DR
245 0 _aBoats in watercolour (How to draw and paint) 
250 _a1st Ed.
260 _c1993
_aNew Delhi
_bWalter Foster
300 _a32
650 _aArchitecture
942 _cBK
999 _c2189
_d2189